Fundamentald of computer security (Record no. 15272)

MARC details
000 -LEADER
fixed length control field 00451nam a2200169Ia 4500
008 - FIXED-LENGTH DATA ELEMENTS--GENERAL INFORMATION
fixed length control field 230917s9999||||xx |||||||||||||| ||und||
020 ## - ISBN
Price RS675
040 ## - CATALOGING SOURCE
-- 226473
Original cataloging agency VIVEKANANDA LIBRARY
041 ## - Language
-- English
082 ## - DDC NUMBER
Classification number 005.8 P599F
100 ## - MAIN ENTRY--PERSONAL NAME
Personal name Pieprzyk, Josef
245 #0 - TITLE STATEMENT
Title Fundamentald of computer security
260 ## - PUBLICATION, DISTRIBUTION, ETC. (IMPRINT)
Place of publication, distribution, etc New Delhi
Name of publisher, distributor, etc Springer India
Date of publication, distribution, etc 2009
300 ## - PHYSICAL DESCRIPTION
Pages xx, 677 p.
500 ## - GENERAL NOTE
General note 2050 20/03/2015 RBP44836 25/03/2015 Main Budget
942 ## - ADDED ENTRY ELEMENTS (KOHA)
Koha item type Books
Holdings
Withdrawn status Lost status Damaged status Not for loan Location (home branch) Sublocation or collection (holding branch) Date acquired Koha issues (times borrowed) Koha full call number Accession No. Koha date last seen Koha item type
        VIVEKANANDA LIBRARY VIVEKANANDA LIBRARY 13/04/2015   005.8 P599F 343046 17/09/2023 Books
© Designed and Maintained by Vivekananda Library, MDU Rohtak